000 02599nam a22001577a 4500
082 _a610
100 _aKhan, Omar Salman
_9122409
245 _aMulti-Disease Classification For Retinal Diseases Using Deep Learning Technique
_cOmar Salman Khan
264 _aIslamabad :
_bSMME- NUST;
_c2022.
300 _a55p.
_bSoft Copy
_c30cm
500 _aDiagnosis before the spread of retinal diseases is vital to prevent high level blindness and any sort of visual impairment. Many retinal diseases can be found via the fundus imaging which has a very important role in the observation and detection of various ophthalmic diseases. Most previous literature has focused their approaches on identifying individual diseases or a combination of 3-4 diseases like DR, MYA, ARMD, MH, ODC having major research. The eye is mostly affected by more than one underlying disease or disease marker, and uptil now most datasets had very few classes. Recently introduced RFMiD dataset, is one of the first datasets to provide 45 different classes of ophthalmic diseases. Hence making it possible to work towards automated multi-disease classification models which would provide great help to highlight this issue via clinical decision support systems integrated in the medical image diagnosis. Our work aimed to achieve higher accuracy than previous literature and to create an CDS application from the model in understanding and predicting multi retinal diseases. Deep learning models are excellent and have proven to be extremely effective in solving complex image processing problems. In addition, ensemble learning yields high generalization performance by reducing variance. Therefore, a synthesis of transfer, ensemble, and deep learning was used in this work to create an accurate and reliable model for multi retinal disease classification. To create the Multi Retinal Disease Classification Model (MRDCM) we used ensemble of EfficientNetB4 and EfficientNetV2S, with our final ensemble model giving promising results. In our evaluation, we scored an AUC of 0.973 which stands better than literature. Further our model selection is lighter than models used in literature. The model was tested on 27 main classes of RFMiD dataset for comparison with literature. Index Terms—Deep iii Learning, Ensemble learning, Retinal Image Analysis, multi-Disease classification, transfer learning.
650 _aMS Biomedical Engineering (BME)
_9119509
700 _aSupervisor : Dr. Omer Gilani
_9119662
856 _uhttp://10.250.8.41:8080/xmlui/handle/123456789/31043
942 _2ddc
_cTHE
999 _c608902
_d608902